History Quiz

Random History or Clickable Quiz
Score 0/31 Timer 05:00
2 Plays Today
% Correct
John F. Kennedy
94.5%
Martin Luther King Jr.
93.5%
Abraham Lincoln
92.9%
Julius Caesar
90%
Robert F. Kennedy
88.6%
Malcolm X
88.2%
Archduke Franz Ferdinand
85.8%
William McKinley
78%
James A. Garfield
77.3%
Harvey Milk
74.2%
Mohandas Gandhi
73.9%
Grigori Rasputin
72.7%
Leon Trotsky
72.5%
Anwar Sadat
67.8%
Benazir Bhutto
66.9%
Indira Gandhi
64.9%
% Correct
Caligula
59.7%
Yitzhak Rabin
56.6%
Huey Long
52.9%
Louis Mountbatten
52.6%
Pancho Villa
51%
Jean-Paul Marat
50.8%
Philip II of Macedon
50.7%
Alexander Litvinenko
50.2%
Alexander II
48.6%
William the Silent
42.5%
Spencer Perceval
42.1%
Reinhard Heydrich
41.7%
Rafael Trujillo
41.6%
Park Chung-hee
41.5%
Francisco Pizarro
39.7%
Remove Ads.
Support Sporcle.
Get the best of Sporcle when you Go Orange. This ad-free experience offers more features, more stats, and more fun while also helping to support Sporcle. Thank you for becoming a member.

You're not logged in!

Compare scores with friends on all Sporcle quizzes.
OR
Log In

Show Comments

Extras

Top Quizzes Today


Score Distribution

Your Account Isn't Verified!

In order to create a playlist on Sporcle, you need to verify the email address you used during registration. Go to your Sporcle Settings to finish the process.

Report this User

Report this user for behavior that violates our Community Guidelines.

Details: